| 000 | 00797nam a22002297a 4500 | ||
|---|---|---|---|
| 001 | 47555 | ||
| 003 | BD-RjUL | ||
| 005 | 20211209054336.0 | ||
| 008 | 160809s1977 bg ||||| |||| 00| 0 ben d | ||
| 020 | _c: TK 26.00 | ||
| 035 | _a(BD-RjUL)47674 | ||
| 040 |
_aBD-RjUL _bben _cBD-RjUL |
||
| 041 | _aben | ||
| 082 |
_223 _a368 _bBAJ 1977 |
||
| 100 |
_aবড়ুয়া, জিতেন্দ্র লাল _9144553 |
||
| 245 | 1 | 0 |
_aজীবন-বীমা পরিচয় / _c জিতেন্দ্র লাল বড়ুয়া |
| 260 |
_aঢাকা : _bবাংলাএকাডেমী, _c১৯৭৭ |
||
| 300 |
_a[১৮], ৩৩২ পৃ. ; _c২১ সেমি. |
||
| 650 |
_aInsurance _9144554 |
||
| 650 |
_aবীমা _9124735 |
||
| 942 |
_2ddc _cBK |
||
| 999 |
_c47555 _d47555 |
||